| 000 | 00359nam a22001457a 4500 | ||
|---|---|---|---|
| 008 | 221124b ||||| |||| 00| 0 eng d | ||
| 020 | _a2901305583701 | ||
| 041 | _aeng | ||
| 080 |
_2SEVENTH EDITION _a159.9 |
||
| 082 | _a159.9WEI | ||
| 100 | _a25 | ||
| 101 | _aPSI | ||
| 245 |
_aTH SOCIOLOGY OF HEALTH IIINES AND HEALTH CARE _cWEITZ ROSE |
||
| 942 |
_2udc _cBK |
||
| 999 |
_c59020 _d59020 |
||